00335nam a2200121Ia 4500008004100000041000800041082001700049100002300066245004500089260003700134300003300171365000900204240624s9999 xx 000 0 und d aeng a658.4092 HES aHESSELBEIN FRANCES aLEADER OF THE FUTURE 2 VISIONS STRATEGIE c2006aSan FranciscobJossey-Bass axviii, : 318 : p. : cm. ; 24 cb28